[Event "5th Vergani Cup Dec. A 2020"]
[Site "Bassano del Grappa"]
[Date "2020.12.28"]
[Round "4.4"]
[White "Niemann, Hans Moke"]
[Black "Dardha, Daniel"]
[Result "0-1"]
[WhiteElo "2472"]
[BlackElo "2487"]
[Annotator "TA"]
[PlyCount "104"]
[EventDate "2020.12.26"]
[EventType "swiss"]
[EventCountry "ITA"]
[SourceTitle "playchess.com"]
[Source "ChessBase"]
[SourceQuality "1"]

{[%evp 17,104,29,41,46,36,17,14,14,2,0,0,-11,-8,-14,0,0,0,0,0,0,0,0,0,-20,0,-42,-11,-43,-45,-81,-79,-85,-84,-83,-83,-83,-77,-83,-85,-155,-75,-64,-70,-78,-83,-156,-140,-158,-134,-175,-170,-156,-13,-343,-350,-370,-326,-532,-533,-502,-374,-316,-379,-338,-348,-318,-289,-991,-1114,-1117,-1118,-1100,-1062,-533,-1058,-2053,-2121,-1554,-1554,-5975,-5710,-29974,-4129,-29976,-29978,-29978,-29979,-29983,-29984]} 1. e4 c5 2. Nf3 Nc6 3. Bb5 g6 4. O-O Bg7 5. Re1 e5 6. b4 cxb4 7. a3 Nge7 8. axb4 O-O 9. Bxc6 dxc6 10. d3 {B31: Sicilian: 2...Nc6 3 Bb5 g6.} Bg4 {[#]} 11. Be3 $146 ({Predecessor:} 11. h3 Bxf3 12. Qxf3 Nd5 13. c3 Nc7 14. Nd2 Ne6 15. Nc4 b5 16. Na5 Qd7 17. Nb3 Rfc8 {0-1 (46) Pyrich,G (2256)-Pohjosmaki,R (2252) ICCF email 2010}) 11... f5 12. h3 {The position is equal.} Bh5 13. Nbd2 f4 14. g4 {Bc5 is the strong threat.} fxe3 15. fxe3 Bxg4 16. hxg4 Qd7 17. Nh2 Nc8 18. g5 Qe7 19. Qg4 $1 Qxb4 20. Qe6+ Rf7 21. Ndf3 Qe7 (21... Qd6 $5 {[%cal Rd6e6]} 22. Qh3 Nb6 $15) 22. Qh3 Nb6 23. Kg2 Nd7 24. Ng4 a5 25. Rh1 {[#]} Nf8 26. Qg3 {[%cal Rf3e5] [#]} Rxf3 $1 27. Kxf3 Qxg5 28. c4 (28. Nh2 $142 Qe7 29. Qe1) 28... h5 (28... a4 $142 29. Qh4 Qxh4 30. Rxh4 h5) 29. Nh2 $17 Qxg3+ 30. Kxg3 Ne6 31. Kf3 (31. Kg2 $142) 31... a4 32. Ke2 Nc5 33. Rhb1 Rd8 34. Nf3 Rxd3 (34... Bf6 $17 35. Ra3 Kh7) 35. Rxb7 $2 {[%mdl 8192] [#] This costs White the game.} Bh6 $1 $19 ({Not} 35... Nxb7 36. Kxd3 Nc5+ 37. Kc3 $17) 36. Rb8+ Kg7 37. Rf1 $2 (37. Rb7+ Kf6 38. Rf7+ Ke6 39. Rc7 Rxe3+ {[%mdl 64] Double Attack} 40. Kf1 Rxf3+ 41. Kg2) 37... Rxe3+ {[%mdl 64] Double Attack} 38. Kd1 Rxe4 39. Rc8 {intending Rc7+.} Bf4 40. Rc7+ Kh6 41. Rxc6 Rxc4 {White must now prevent ...a3.} 42. Nh4 $2 (42. Rg1 Rc1+ 43. Ke2 Rxg1 44. Nxg1) 42... Rc1+ 43. Ke2 Rc2+ 44. Kf3 Kg5 {[%csl Gc5][%cal Re5e4]} 45. Rxg6+ Kxh4 46. Rh1+ Rh2 47. Rxh2+ Bxh2 48. Rg2 Kh3 49. Rc2 e4+ (49... Bg1 $142 50. Rb2 Bd4 51. Rb8 e4+ 52. Ke2 h4 53. Ra8 Ne6 54. Rxa4 Kg3 55. Rb4 h3 56. Kd2 h2 57. Rb1 Bg1 58. Kc1 h1=Q 59. Kb2 Qh8+ 60. Kb3 Nd4+ 61. Kb2 Qb8+ 62. Ka1 Qa7+ 63. Kb2 Qb6+ 64. Kc3 Qc5+ 65. Kb2 Qb4+ 66. Ka2 Qa4+ 67. Kb2 Qb3+ 68. Kc1 Be3#) 50. Ke2 Bg1 {Black mates.} 51. Kf1 Bd4 52. Rc4 {[#]} a3 $1 {Weighted Error Value: White=0.96/Black=0.14} 0-1

[Event "5th Vergani Cup Dec. A 2020"]
[Site "Bassano del Grappa"]
[Date "2020.12.28"]
[Round "4.5"]
[White "Beerdsen, Thomas"]
[Black "Formento, Paolo"]
[Result "1/2-1/2"]
[WhiteElo "2479"]
[BlackElo "2315"]
[Annotator "TA"]
[PlyCount "115"]
[EventDate "2020.12.26"]
[EventType "swiss"]
[EventCountry "ITA"]
[SourceTitle "playchess.com"]
[Source "ChessBase"]
[SourceQuality "1"]

{[%evp 16,115,15,-28,-30,-36,-39,-29,-13,-32,-11,-11,0,-18,0,0,2,0,0,0,0,0,0,0,0,0,0,0,412,197,180,213,181,171,166,176,221,204,235,243,236,236,235,234,212,147,147,137,153,144,136,142,142,137,138,134,128,68,68,68,78,0,73,68,71,68,214,67,68,68,68,0,68,68,68,68,68,68,71,0,0,0,0,0,0,0,0,0,0,0,0,0,0,0,0,0,0,0,0,0,0,0]} 1. e4 d5 2. exd5 Qxd5 3. Nc3 Qa5 4. Nf3 Nf6 5. d4 Bf5 6. Ne5 c6 7. Bc4 e6 8. O-O Nbd7 9. Re1 Nxe5 {B01: Scandinavian Defence.} 10. Rxe5 Qc7 11. h3 Bd6 {Black has an edge.} 12. Re1 O-O {[#]} 13. Bg5 $146 ({Predecessor:} 13. Bd3 Bxd3 14. Qxd3 Bf4 15. Qf3 Bxc1 16. Raxc1 Rad8 17. Rcd1 Rd7 18. Rd3 Rfd8 19. Red1 {0-1 (44) Lieder,G (1705)-Schwertel,H (2084) Bad Zwesten 2002}) 13... Nd5 14. Ne4 Bf4 15. Bxf4 Qxf4 16. Ng3 Nb6 17. Bb3 Rfd8 18. c3 c5 19. Nxf5 Qxf5 20. Bc2 Qg5 21. Qd3 h6 {[%mdl 8192]} (21... g6 $11 {and Black is okay.}) 22. Re5 (22. Qh7+ $142 Kf8 23. f4 Qxf4 24. Rf1 Qe3+ 25. Kh2) 22... Qf6 $18 23. Qh7+ Kf8 24. Rae1 {[#] Rf5! is the strong threat.} g5 25. Rxc5 Nd5 26. Bb3 Rac8 27. Rxc8 Rxc8 28. Bxd5 exd5 {[%mdl 4096] Endgame KQR-KQR} 29. Re3 Re8 30. Rxe8+ Kxe8 {KQ-KQ} 31. Qg8+ Kd7 32. Qb8 Qa6 33. a3 Qb6 34. b4 a6 35. g3 Qc6 36. Kg2 (36. a4 $16) 36... b5 $1 $14 37. Qa7+ Ke8 38. Qb8+ (38. g4 $16) 38... Ke7 (38... Kd7 $11 {keeps the balance.}) 39. Qe5+ Qe6 40. Qe3 f5 {[#]} (40... Kf6 $14) 41. Qd2 (41. Qe5 $1 $18) 41... Qe4+ 42. f3 Qe6 43. h4 ({Better is} 43. g4 $14) 43... Kf6 ({Black should try} 43... gxh4 $11 44. gxh4 Kf7) 44. Kf2 Kg6 45. hxg5 hxg5 46. Qc2 Kf6 47. a4 ({White should play} 47. Qc1 $16) 47... f4 $11 {The position is equal.} 48. gxf4 gxf4 49. Qc1 Qf5 50. axb5 (50. a5 {looks sharper.} Qg5 51. Qh1 Qf5 52. Qe1 Qc2+ 53. Qe2) 50... axb5 51. Qd2 Qg5 52. Kf1 Qh6 {Hoping for ...Qh1+.} 53. Qg2 Qh7 54. Qg4 Qd3+ 55. Kg1 Qe3+ 56. Kg2 Qe2+ 57. Kh3 Qf1+ 58. Qg2 {Black escapes into a draw.  Weighted Error Value: White=0.16/Black=0.29} 1/2-1/2

[Event "5th Vergani Cup Dec. A 2020"]
[Site "Bassano del Grappa"]
[Date "2020.12.28"]
[Round "4.6"]
[White "Basso, Pier Luigi"]
[Black "Materia, Marco"]
[Result "1-0"]
[WhiteElo "2561"]
[BlackElo "2281"]
[Annotator "TA"]
[PlyCount "143"]
[EventDate "2020.12.26"]
[EventType "swiss"]
[EventCountry "ITA"]
[SourceTitle "playchess.com"]
[Source "ChessBase"]
[SourceQuality "1"]

{[%evp 9,143,19,20,11,7,4,0,0,0,10,15,10,5,3,0,0,9,10,18,11,18,20,15,25,31,0,30,30,30,30,30,30,30,30,30,30,30,30,40,40,41,40,40,38,48,30,31,27,30,28,40,31,60,31,53,35,47,35,58,58,61,35,33,31,94,99,89,56,92,103,129,23,29,0,0,0,0,0,0,0,11,11,497,22,22,0,0,0,0,0,8,0,0,0,0,0,0,0,0,0,0,0,0,0,0,0,0,0,0,0,0,0,0,0,0,0,8,0,0,0,0,8,29977,29978,29980,29981,29981,29982,29982,29983,29983,29984,29984,29985,29985,29986]} 1. d4 Nf6 2. c4 e6 3. Nf3 d5 4. Nc3 Be7 5. Bf4 O-O 6. a3 {D37: Queen's Gambit Declined: 5 Bf4.} dxc4 7. e3 Nd5 8. Bxc4 {The position is equal.} Nxf4 9. exf4 Bf6 10. Qd3 c5 {[#]} 11. dxc5 $146 ({Predecessor:} 11. O-O-O cxd4 12. Ne4 Nd7 13. Kb1 b5 14. Bxb5 Bb7 15. Bxd7 Bxe4 16. Qxe4 Qxd7 17. Ne5 Bxe5 18. fxe5 {½-½ (28) Vachier Lagrave,M (2715)-Kramnik,V (2791) Hoogeveen 2011}) 11... Qxd3 12. Bxd3 Nd7 13. Na4 Rb8 14. Rb1 b5 15. cxb6 $1 Nxb6 16. Nxb6 Rxb6 17. b3 Be7 18. a4 Bb7 19. Ke2 Rd8 20. Rhd1 Rbd6 21. Ne1 g6 22. g3 Kf8 23. Nc2 Bc6 24. Ne3 Rd4 25. Rbc1 Bd5 26. Bc4 Rxd1 27. Nxd1 Be4 28. f3 Bb7 29. Nf2 Bd6 30. Nd3 Rc8 31. h4 Ke7 32. Rh1 Bc6 33. h5 Rc7 34. a5 Rb7 35. hxg6 hxg6 36. Ne5 Bxe5 ({Black should try} 36... Be8 $14) 37. fxe5 $14 {[%mdl 4096] Endgame KRB-KRB} Bd5 38. Rc1 Kd7 39. Rd1 Kc6 40. Rd4 (40. f4 $16) 40... Bxc4+ $11 41. Rxc4+ {KR-KR} Kd5 42. a6 Rb6 43. Rc7 Rxa6 44. f4 Rb6 45. Kf3 {And now Rd7+ would win.} g5 $2 {[%mdl 8192]} (45... a5 $11 {and Black has nothing to worry.}) 46. Rd7+ $2 (46. fxg5 $18 Rxb3+ 47. Kg4 Rb4+ 48. Kh3) 46... Kc6 47. Rxa7 (47. Rxf7 {looks sharper.} Rxb3+ 48. Kg4 gxf4 49. gxf4 a5 50. Ra7) 47... Rxb3+ 48. Kg4 gxf4 49. gxf4 f6 50. exf6 {Hoping for f7.} Rb5 $1 51. Ra6+ Kd7 52. Ra7+ Kd6 53. f7 (53. Rg7 $5 {[%cal Rg7g5]} Rf5 54. Rg5 Rxf6 55. Ra5 $11) 53... Rf5 54. Rb7 Kc6 55. Re7 (55. f8=Q {is more complex.} Rxf8 56. Ra7 Kd6 57. Kg5 Rg8+ 58. Kf6) 55... Kd6 56. Ra7 Kc6 $1 57. Kf3 (57. Ra5 {seems wilder.} Rxf7 58. Kf3 Kd6 59. Ra6+ Ke7 60. Ra7+) 57... Kd6 58. Ke4 Rf6 59. Kf3 Rf5 60. Kg4 Kc6 $1 61. Kg3 (61. Ra6+ {is more complex.} Kd7 62. Ra5 Rxf7 63. Ra7+ Ke8 64. Ra6) 61... Kd6 62. Kf3 e5 (62... Rf6 {is interesting.} 63. Ke4 Rf5 64. Rb7 Kc6 65. Rb3 Kd6) 63. Kg4 (63. Ra4 {with more complications.} Rxf7 64. Ra6+ Ke7 65. Ra7+ Kf6 66. Rxf7+ Kxf7 67. fxe5 Ke6 68. Kf4) 63... Rxf4+ 64. Kg5 Rf1 (64... Kd5 {keeps more tension.} 65. Kg6 e4 66. Ra6 e3 67. Ra5+ Ke6) 65. Kg6 e4 $2 {[%mdl 8192] [#]} (65... Ke6 $11) 66. Ra8 {White mates.} Ke5 67. f8=Q Rxf8 68. Rxf8 e3 69. Kg5 Ke4 {[#]} 70. Kg4 $1 e2 71. Re8+ Kd3 72. Kf3 {Weighted Error Value: White=0.27/Black=0.18} 1-0

[Event "5th Vergani Cup Dec. A 2020"]
[Site "Bassano del Grappa"]
[Date "2020.12.28"]
[Round "4.7"]
[White "Blohberger, Felix"]
[Black "Orfini, Nicolo`"]
[Result "1-0"]
[WhiteElo "2469"]
[BlackElo "2278"]
[Annotator "TA"]
[PlyCount "61"]
[EventDate "2020.12.26"]
[EventType "swiss"]
[EventCountry "ITA"]
[SourceTitle "playchess.com"]
[Source "ChessBase"]
[SourceQuality "1"]

{[%evp 12,61,25,10,18,12,31,24,60,57,68,68,73,65,74,60,72,68,139,96,97,97,123,118,196,184,287,273,643,640,616,604,562,300,283,227,281,249,312,253,279,279,293,289,269,177,364,366,1040,1041,1007,1009]} 1. Nc3 d6 2. f4 Nf6 3. Nf3 Nbd7 4. e4 e5 5. Bc4 Be7 6. d3 O-O 7. O-O c6 {C30: King's Gambit Declined.} 8. a4 a5 9. fxe5 dxe5 {White has an edge.} 10. Kh1 Ne8 {[#]} 11. Qe1 $146 ({Predecessor:} 11. Be3 Nd6 12. Bb3 Kh8 13. Qd2 f6 14. Nh4 g5 15. Nf5 Nxf5 16. exf5 Nb6 17. Qe2 {1-0 (41) Sanpera Bonet,J (2080)-Soler Casacuberta,S (1914) Barbera del Valles 2015}) 11... Nd6 12. Ba2 Kh8 13. Qg3 f6 14. Be3 f5 ({Black should play} 14... Qe8 $14) 15. exf5 Nxf5 16. Qe1 Nxe3 17. Qxe3 Bf6 (17... h6 $16 {keeps fighting.} 18. Rae1 (18. Nxe5 Nxe5 19. Qxe5 Bf6 $14) 18... Bb4) 18. Ne4 $18 Nb6 (18... Qb6 $142 19. Qxb6 Nxb6) 19. Nxf6 gxf6 (19... Rxf6 20. Nxe5 Nd5 21. Bxd5 Qxd5 22. Rxf6 gxf6) 20. Nxe5 Nd5 21. Bxd5 cxd5 {[#]} 22. Qh6 $1 Bf5 23. Nf3 {Strongly threatening Nh4.} Bg6 24. Rae1 {[%cal Ba1e1,Be1e2,Be2e6,Be6e7][%mdl 32]} Rc8 25. Re2 Qd7 26. Rfe1 {[#] aiming for Re7.} Rf7 27. Nh4 Rg8 28. h3 Rfg7 $2 (28... Qxa4 {was necessary.} 29. Re7 Qb4) 29. Re6 Qxa4 $2 (29... Qd8 30. b3 Qc7 31. Rxf6 Qc3) 30. Re7 Bf7 31. Qxf6 {Weighted Error Value: White=0.25/Black=0.54} 1-0

[Event "5th Vergani Cup Dec. A 2020"]
[Site "Bassano del Grappa"]
[Date "2020.12.28"]
[Round "4.8"]
[White "Caprino, Marco"]
[Black "Dionisi, Thomas"]
[Result "1/2-1/2"]
[WhiteElo "2074"]
[BlackElo "2418"]
[Annotator "TA"]
[PlyCount "45"]
[EventDate "2020.12.26"]
[EventType "swiss"]
[EventCountry "ITA"]
[SourceTitle "playchess.com"]
[Source "ChessBase"]
[SourceQuality "1"]

{[%evp 18,45,47,-2,16,22,122,23,18,3,26,27,27,3,20,16,20,23,23,29,27,21,50,29,37,0,33,23,19,24]} 1. d4 f5 2. d5 Nf6 3. g3 g6 4. Bg2 Bg7 5. Nh3 O-O 6. O-O d6 7. c4 c6 8. Nc3 e5 9. dxe6 Bxe6 10. Qd3 Ng4 {A86: Dutch Defence: Leningrad System: Unusual lines and 5 Nh3.} 11. Ng5 Qe7 {[#]} (11... Bc8 $11) 12. b3 $146 ({Better is} 12. Nd5 $1 $16 {[%cal Rd5e7][%mdl 512]} Bxd5 13. cxd5) ({Predecessor:} 12. Nd5 Bxd5 13. cxd5 c5 14. Ne6 Re8 15. e4 Ne5 16. Qe2 fxe4 17. Bxe4 Na6 18. f4 Nf7 19. f5 gxf5 20. Rxf5 {1-0 (33) Muratovic,E (2345)-Petrovic,S (2190) Bosna 2017}) 12... Na6 $11 {White has an edge.} 13. Bf4 (13. Qd2 {is interesting.} Nc5 14. Bb2 Bc8 15. Rad1 Rd8 16. h3) 13... Rad8 14. Nxe6 Qxe6 15. h3 Ne5 16. Qd2 Nc5 17. Rad1 Nf7 18. Be3 Rfe8 19. Bd4 Be5 20. Rfe1 a5 21. e4 Bxd4 22. Qxd4 Qe5 23. Qd2 {Weighted Error Value: White=0.22/Black=0.24} 1/2-1/2

[Event "5th Vergani Cup Dec. A 2020"]
[Site "Bassano del Grappa"]
[Date "2020.12.28"]
[Round "4.9"]
[White "Costa, Vincenzo"]
[Black "Zarpellon, Daniel"]
[Result "0-1"]
[WhiteElo "1897"]
[BlackElo "1893"]
[Annotator "NA RC"]
[PlyCount "69"]
[EventDate "2020.12.26"]
[EventType "swiss"]
[EventCountry "ITA"]
[SourceTitle "playchess.com"]
[Source "ChessBase"]
[SourceQuality "1"]

{[%evp 8,69,50,33,70,41,36,31,75,0,0,-51,-34,-87,-33,-62,-5,-25,-8,-11,-20,0,-10,-40,-4,-9,0,0,25,13,23,-264,-268,-407,-406,-384,-450,-576,-617,-579,-600,-612,-524,-673,-525,-609,-243,-237,-273,-260,-272,-291,-311,-310,-309,-310,-303,-310,-327,-555,-639,-575,-614,-731]} 1. e4 {[%emt 0:00:00]} g6 {[%emt 0:06:46]} 2. Nf3 {[%emt 0:00:08]} Bg7 {[%emt 0:00:27]} 3. d4 {[%emt 0:00:46]} d6 {[%emt 0:00:49]} 4. Nc3 {[%emt 0:01:23]} a6 {[%emt 0:00:47]} 5. Be3 {[%emt 0:00:38]} Nd7 {[%emt 0:00:22]} 6. Be2 {[%emt 0:00:25]} Ngf6 {[%emt 0:01:35]} 7. h3 {[%emt 0:00:37]} b5 {[%emt 0:00:55]} 8. a3 {[%emt 0:00:57]} (8. e5 $16) 8... Bb7 {[%emt 0:01:52]} 9. d5 {[%emt 0:05:34]} (9. e5 $5 {[%cal Re5f6]} Nd5 10. Nxd5 Bxd5 11. exd6 $11) 9... c5 {[%emt 0:02:35]} 10. Bd3 {[%emt 0:14:45]} Rc8 {[%emt 0:05:36]} ({Better is} 10... e6 $17 11. dxe6 fxe6) 11. Qd2 {[%emt 0:08:04]} h6 {[%emt 0:06:58]} 12. O-O {[%emt 0:04:37]} c4 {[%emt 0:01:12]} 13. Be2 {[%emt 0:00:13]} Nc5 {[%emt 0:00:13]} 14. Bxc5 {[%emt 0:07:23]} Rxc5 {[%emt 0:00:10]} 15. Nh2 {[%emt 0:03:26]} h5 {[%emt 0:06:34]} 16. f4 {[%emt 0:01:06]} Qb6 {[%emt 0:09:52]} 17. Kh1 {[%emt 0:01:02]} Qc7 {[%emt 0:08:07]} 18. Rad1 {[%emt 0:01:40]} a5 {[%emt 0:03:00]} 19. Nf3 $2 {[%emt 0:06:30]} (19. Qe3 $11 {and White has nothing to worry.}) 19... b4 {[%emt 0:05:35]} 20. Na4 $2 {[%emt 0:20:46]} (20. axb4 axb4 21. Na4 Nxe4 22. Qxb4 Ng3+ {[%mdl 64] Double Attack} 23. Kh2 Nxf1+ 24. Rxf1 Rxd5 25. Bxc4) 20... Nxe4 {[%emt 0:04:15]} 21. Qe1 {[%emt 0:02:24]} Rxd5 {[%emt 0:02:08]} 22. Nd2 {[%emt 0:03:23]} Rxd2 {[%emt 0:04:32]} 23. Rxd2 {[%emt 0:00:08]} Nxd2 {[%emt 0:00:04]} 24. Qxd2 {[%emt 0:00:13]} Bc6 {[%emt 0:01:03]} 25. b3 {[%emt 0:01:14]} cxb3 {[%emt 0:03:24]} 26. cxb3 {[%emt 0:01:05]} Bxa4 {[%emt 0:01:06]} (26... bxa3 $142 27. Bc4 O-O) 27. bxa4 {[%emt 0:00:12]} Bc3 {[%emt 0:02:58]} ({Stronger than} 27... bxa3 28. Rc1 $14) 28. Bb5+ {[%emt 0:01:27]} Kf8 {[%emt 0:00:05]} 29. Qd3 {[%emt 0:03:24]} e6 {[%emt 0:21:30]} ({Don't do} 29... bxa3 30. Rc1 $19) 30. Rc1 {[%emt 0:01:48]} d5 {[%emt 0:00:00]} 31. axb4 {[%emt 0:03:20]} axb4 {[%emt 0:00:00]} 32. Qe3 {[%emt 0:01:01]} Kg7 {[%emt 0:00:00]} 33. Rc2 $2 {[%emt 0:01:17]} (33. Rb1) 33... Rc8 {[%emt 0:00:00]} 34. Ba6 {[%emt 0:04:54]} Qc5 {[%emt 0:00:00]} 35. Qd3 $19 {[%emt 0:01:40]} 0-1

[Event "5th Vergani Cup Dec. A 2020"]
[Site "Bassano del Grappa"]
[Date "2020.12.28"]
[Round "5.1"]
[White "Dardha, Daniel"]
[Black "Mendonca, Leon Luke"]
[Result "1/2-1/2"]
[WhiteElo "2487"]
[BlackElo "2516"]
[Annotator "TA"]
[PlyCount "131"]
[EventDate "2020.12.26"]
[EventType "swiss"]
[EventCountry "ITA"]
[SourceTitle "playchess.com"]
[Source "ChessBase"]
[SourceQuality "1"]

{[%evp 21,131,3,9,12,18,18,131,27,42,29,59,74,73,60,69,56,68,67,91,108,114,117,117,112,125,118,139,128,162,154,164,158,154,132,135,137,140,130,132,130,123,128,131,122,169,104,142,73,162,156,146,112,126,22,22,0,71,74,243,208,233,234,205,210,254,238,475,454,474,313,363,363,297,297,267,8,8,8,8,8,8,4,4,4,4,4,4,4,4,4,4,4,4,4,4,4,4,4,8,4,4,0,4,4,8,0,0,0,0,0,0,0]} 1. c4 c6 2. d4 d5 3. Nf3 Nf6 4. Nc3 e6 5. e3 Nbd7 6. Qc2 Bd6 7. Bd3 O-O 8. O-O dxc4 9. Bxc4 b5 10. Be2 Bb7 11. e4 e5 12. dxe5 {D46: Semi-Slav: 5 e3 Nbd7 6 Bd3, Black avoids the Meran.} Nxe5 13. Nh4 Neg4 (13... Bc8 $11) 14. g3 (14. h3 $16 Nxf2 15. Rxf2) 14... Bc5 15. Kg2 {[#]} Re8 $146 ({Predecessor:} 15... b4 16. Nd1 Bb6 17. f4 Re8 18. Bf3 Rxe4 19. Bxe4 Nxe4 20. Qxe4 Qd7 21. Nf3 Re8 {0-1 (74) Szustakowski,A (2238)-Keymer,V (2588) chess.com INT 2020}) 16. f3 {[%cal Rf3g4]} Ne3+ 17. Bxe3 Bxe3 18. Nf5 Bb6 19. Rad1 Qb8 20. f4 b4 {[#]} 21. e5 $1 Nd5 22. Nxd5 cxd5 23. Bf3 d4 24. Nxd4 Bxf3+ 25. Nxf3 Qb7 26. Rfe1 Rac8 27. Qe4 Qxe4 28. Rxe4 Rc2+ 29. Rd2 Rec8 {Strongly threatening ...Rxd2+.} 30. Ree2 ({Don't blunder} 30. Rxb4 $2 Rxd2+ 31. Nxd2 Rc2 $19) 30... Rxd2 31. Rxd2 $16 {[%mdl 4096] Endgame KRB-KRN} h6 32. h4 g6 33. b3 (33. h5 $18) 33... Kf8 34. Ne1 (34. h5 $142) 34... Ke7 {[#]} (34... Rc3 $16) 35. Nd3 $1 $18 Rd8 36. Kf3 h5 37. Ke2 (37. Rd1 $16) 37... Rd4 $1 $11 38. Kf3 Ke6 (38... Rd8 $1 $11 {keeps the balance.}) 39. Rd1 $16 a6 $2 (39... f6 $16 {was worth a try.}) 40. Nb2 Kd5 41. Rxd4+ Bxd4 $18 {KB-KN} 42. Nc4 Bc5 43. g4 hxg4+ $2 (43... Bf8 {was necessary.} 44. Ne3+ Kd4 45. gxh5 gxh5 46. Nf5+ Kc3) 44. Kxg4 Be7 45. Kg3 Ke6 46. Ne3 Bc5 47. Kf3 Be7 48. Ke4 $2 (48. Kg4 $18) 48... Bxh4 $11 {The position is equal.} 49. Nc2 a5 50. Nd4+ Kd7 51. f5 gxf5+ 52. Nxf5 Bd8 53. Kd5 Bc7 $1 54. Ne3 Bb6 55. Nc4 Bc7 56. Nb2 Bb6 57. Na4 Bc7 58. Nc5+ Ke7 59. Ne4 Kd7 60. Ng3 Ke7 61. Nf5+ Kd7 62. Nd4 Bb8 63. e6+ fxe6+ 64. Nxe6 {Hoping for Nc5+.} Ba7 65. Nc5+ Kc7 $1 66. Nd3 {Black escapes into a draw.  Weighted Error Value: White=0.25/Black=0.24} 1/2-1/2

[Event "5th Vergani Cup Dec. A 2020"]
[Site "Bassano del Grappa"]
[Date "2020.12.28"]
[Round "5.3"]
[White "Formento, Paolo"]
[Black "Basso, Pier Luigi"]
[Result "0-1"]
[WhiteElo "2315"]
[BlackElo "2561"]
[Annotator "TA"]
[PlyCount "107"]
[EventDate "2020.12.26"]
[EventType "swiss"]
[EventCountry "ITA"]
[SourceTitle "playchess.com"]
[Source "ChessBase"]
[SourceQuality "1"]

{[%evp 12,107,6,8,4,8,1,0,20,20,20,20,22,22,23,20,27,22,24,21,22,12,25,-12,-10,-26,-34,-41,-22,-30,-37,-57,-48,-37,-20,-16,-19,-31,-22,-143,-148,-183,-185,-167,-156,-387,-392,-580,-575,-496,-331,-331,-338,-338,-331,-520,-520,-502,-495,-495,-469,-617,-384,-614,-185,-185,-185,-185,0,-185,-176,-176,-176,-176,-176,-5616,-4814,-1535,-1406,-1096,-901,-891,-806,-29955,-11436,-29977,-29978,-29977,-29979,-29979,-29980,-29985,-29985,-29989,-29990,-29990,-29991,-29992]} 1. c4 c6 2. Nc3 d5 3. e3 Nf6 4. Nf3 e6 5. b3 Bd6 6. Bb2 O-O 7. Be2 e5 {A11: English Opening: 1...c6.} 8. cxd5 cxd5 9. Nb5 Nc6 {The position is equal.} 10. Nxd6 Qxd6 11. d4 {[%cal Rd4e5]} e4 12. Ne5 Nd7 {[%cal Rd7e5]} 13. Nxc6 bxc6 14. Qd2 a5 15. Bc3 Qc7 {[#]} 16. O-O $146 ({Predecessor:} 16. a4 Re8 17. b4 axb4 18. Bxb4 Re6 19. a5 Rh6 20. g3 Nb8 21. O-O Qd7 22. h4 {1-0 (56) Jørgensen,B (2361)-Abdulmanov,E (2259) ICCF email 2017}) 16... Re8 17. a4 Re6 18. b4 {[%cal Rb4a5]} Rh6 {[%csl Gh6][%cal Rc7h2]} 19. g3 $1 axb4 20. Bxb4 Nf6 $1 21. f4 exf3 22. Bxf3 Rg6 23. Bg2 h5 {Hoping for ...h4!} 24. Rf4 Ba6 25. e4 (25. Re1 $11) 25... dxe4 $17 26. Bxe4 Nxe4 27. Rxe4 {[#]} c5 $1 {[%cal Rc5b4]} 28. Bxc5 ({Wrong is} 28. dxc5 $2 Bb7 $19) (28. Ba5 $17 Rxg3+ {[%mdl 64] Demolition} 29. hxg3 Qxg3+ 30. Qg2 Qxg2+ 31. Kxg2) 28... Bb7 $19 29. Qe2 (29. Rae1 $142 Bxe4 30. Rxe4) 29... Qc6 {[%mdl 64] Double Attack} 30. Re1 {intending Re8+.} Qxe4 31. Qxe4 Bxe4 32. Rxe4 Re6 ({Resist} 32... Rxa4 33. Re8+ Kh7 34. Re2 $19) 33. Rxe6 (33. Rf4 {keeps fighting.}) 33... fxe6 {[%mdl 4096] Endgame KR-KB} 34. Kf2 Kf7 35. Kf3 Rxa4 36. h4 Ra1 37. Bd6 (37. Ke4 $142) 37... Rf1+ $2 (37... Kf6 {Threatens to win with ...g5.} 38. Be5+ Kf5 39. Bxg7 Ra3+ 40. Kf2 Ke4) 38. Ke4 Re1+ 39. Kf4 Rf1+ 40. Ke4 $1 g6 41. Be5 Ke7 42. Bb8 Kd7 43. Ke5 $2 (43. Be5) 43... Rb1 44. Ba7 Rb7 45. Bc5 Rb3 46. Kf4 Kc6 47. Ke5 Rxg3 48. Kxe6 {[#]} g5 $1 {Black mates.} 49. hxg5 h4 50. Bd6 Rxg5 51. Be7 Rg6+ 52. Ke5 h3 53. d5+ Kd7 54. Kd4 {Weighted Error Value: White=0.67/Black=0.32} 0-1

[Event "5th Vergani Cup Dec. A 2020"]
[Site "Bassano del Grappa"]
[Date "2020.12.28"]
[Round "5.4"]
[White "Moroni, Luca Jr"]
[Black "Lumachi, Gabriele"]
[Result "1-0"]
[WhiteElo "2562"]
[BlackElo "2297"]
[Annotator "TA"]
[PlyCount "51"]
[EventDate "2020.12.26"]
[EventType "swiss"]
[EventCountry "ITA"]
[SourceTitle "playchess.com"]
[Source "ChessBase"]
[SourceQuality "1"]

{[%evp 15,51,12,16,4,20,17,24,0,8,0,19,19,23,0,14,0,0,-12,0,0,0,-50,13,14,186,188,197,198,197,192,172,184,226,177,427,419,525,398]} 1. c4 e6 2. d4 d5 3. Nc3 Nf6 4. cxd5 exd5 5. Bg5 c6 6. e3 h6 7. Bh4 Be7 8. Bd3 O-O 9. Nge2 {D35: Queen's Gambit Declined: Exchange Variation.} (9. Qc2 Re8 10. Nf3 Ne4 11. Bxe7 Qxe7 12. Bxe4 dxe4 13. Nd2 f5 14. h3 Be6 15. g4 fxg4 16. hxg4 Bxg4 17. Qxe4 Qxe4 18. Ncxe4 Rf8 19. Rg1 Bf5 20. Nd6 {1-0 (55) Moroni,L (2562)-Lumachi,G (2297) Bassano del Grappa 2020}) 9... Re8 {9...Ne4 is vanishing.} 10. O-O Nbd7 11. f3 {White has an edge.} b5 {now supersedes 11...Nf8.} 12. Bf2 Bb7 13. Ng3 b4 {[#]} 14. Nce2 $146 ({Predecessor:} 14. Na4 c5 15. Nf5 Bf8 16. Nxc5 Nxc5 17. dxc5 Bxc5 18. Rc1 Qb6 19. Qa4 Bc8 20. Nd4 {½-½ (52) Carlsen,M (2863)-Firouzja,A (2728) Stavanger 2020}) 14... Bf8 15. Rc1 c5 16. Bb1 Qb6 17. Re1 Rac8 18. Nf5 cxd4 (18... c4 $15) 19. Rxc8 $11 dxe3 $2 {Black cannot hold the game after this.} (19... Bxc8 $11 20. Nfxd4 (20. Nexd4 g6 $11) 20... Ne5) 20. Bxe3 $18 Rxe3 {[#]} 21. Rxf8+ $1 {[%mdl 512]} Nxf8 (21... Kxf8 22. Nxe3) 22. Nxe3 Qxe3+ 23. Kh1 Ne6 24. Bf5 Ng5 $2 {[#]} (24... Nd8 {was called for.} 25. Nd4 Qf4) 25. Nd4 Qf2 26. Qe2 {Weighted Error Value: White=0.08/Black=0.52} 1-0